| 000 | 01625nam0a2200337 i 4500 | ||
|---|---|---|---|
| 001 | RU\NLR\bibl\1981597 | ||
| 005 | 20241103060126.0 | ||
| 010 |
_a9785276020617 _9100 |
||
| 021 |
_aRU _b2012-92646 _96858 |
||
| 035 | _a(NLR Aleph) 001970269 | ||
| 090 |
_a3945808 _c3945808 |
||
| 100 | _a20121221d2012 u y0rusy50 ca | ||
| 101 | 0 | _arus | |
| 102 | _aRU | ||
| 105 | _aa ||||||||| | ||
| 200 | 1 |
_aАдаптивный андроидный робот _eучебно-методическое пособие _fВ.В. Журавлев, М.В. Архипов, В.Ф. Головин _gМ-во образования и науки Рос. Федерации, Моск. гос. индустр. ун-т |
|
| 210 |
_aМосква _cМГИУ _d2012 |
||
| 215 |
_a62 с. _cил. _d21 |
||
| 320 | _aБиблиогр.: с. 49 (6 назв.) | ||
| 606 |
_aРоботы-андроиды _jУчебно-методические пособия для высших учебных заведений _92133265 _3RU\NLR\auth\661590872 |
||
| 606 | 1 |
_aAR-100, роботы-андроиды _jУчебно-методические пособия для высших учебных заведений _92133268 _3RU\NLR\auth\661590874 |
|
| 686 | _aЗ816.2я73-1 | ||
| 700 | 1 |
_aЖуравлев _bВ. В. _gВиталий Валерьевич _4070 |
|
| 701 | 1 |
_aАрхипов _bМ. В. _gМаксим Викторович _4070 |
|
| 701 | 1 |
_aГоловин _bВ. Ф. _gВадим Федорович _4070 |
|
| 801 | 0 |
_aRU _bNLR _c20121221 _gRCR |
|
| 801 | 1 |
_aRU _bNLR _c20121221 |
|
| 830 | _aавт. по кн. | ||
| 942 | _cBOOK | ||
| 980 | _aNBR | ||